000 00220 a2200109 4500
020 _a9781338108774
041 _aspa
100 _aTeddd Arnold
245 _aLa navidad ninja de hombre mosca
942 _cBK
952 _71
999 _c21724
_d21724